000 00682nam a2200277Ia 4500
005 20260324113047.0
008 008 260324s9999 xx 000 0 eng d
020 _a9781003270515
037 _aEBOOK
040 _aCRL
040 _beng
040 _cCRL
041 _2eng
041 _aeng
084 _qCRL
100 _aAdina-Elena Segneanu
_91145256
245 0 _aNatural Products and Medicinal Properties of Carpathian (Romanian) Plants
260 _bTaylor and Francis
260 _c2024
365 _a
365 _b355
856 _uhttp://www.taylorfrancis.com/books/9781003270515
942 _cEBOOK
999 _c1734709
_d1734709